| 000 | 01120nam a2200289 u 4500 | ||
|---|---|---|---|
| 001 | 000003072 | ||
| 003 | DO-SdBNP | ||
| 005 | 20230310130251.0 | ||
| 007 | ta | ||
| 008 | 090706s2002 dr r 000 0 spa d | ||
| 040 |
_aDO-SdBNP _bspa _cBNPHU |
||
| 082 | 4 |
_a344.7293046 _bR426L, 2002 _222 |
|
| 110 | 2 |
_aRepública Dominicana _9447 |
|
| 240 | 1 | 0 | _a[Leyes, etc.] |
| 245 | 1 | 0 | _aLey general sobre medio ambiente y recursos naturales (64-00). |
| 250 | _a3a. ed. | ||
| 260 |
_aSanto Domingo : _bSecretaria de Estado de Medio Ambiente y Recursos Naturales, _c2002. |
||
| 300 |
_aiv, 114p. ; _c21 cm. |
||
| 590 | _aInventariado, 2023/BT | ||
| 650 | 4 |
_aMedio ambiente _xLegislación _zRepública Dominicana _99697 |
|
| 650 | 4 |
_aConservación de los recursos humanos _xLegislación _zRepública Dominicana _99698 |
|
| 650 | 4 |
_aControl ambiental _xLegislación _zRepública Dominicana _99699 |
|
| 650 | 4 |
_aDerecho ambiental _zRepública Dominicana _99697 |
|
| 710 | 1 |
_aRepública Dominicana. _bSecretaria de Estado de Medio Ambiente y Recursos Naturales _97221 |
|
| 910 | _aValidado. Control de calidad MFF | ||
| 942 |
_2ddc _cLBS1 |
||
| 999 |
_c2903 _d2903 |
||